U.S. Geography by Letter - B - Statistics

General Stats
  • This quiz has been taken 69,469 times
    20,084 since last reset
  • The average score is 13 of 20
Answer Stats
Clue Answer % Correct
In 1700, the most populous city in the U.S. Boston
96%
Nickname of New York City The {Big} {Apple}
96%
One of the five boroughs of New York City Bronx
88%
One of the five boroughs of New York City Brooklyn
87%
Thoroughfare in New York City famous for its many theaters Broadway
86%
Capital of Louisiana Baton Rouge
83%
The largest city in Alabama until it was passed by Huntsville in 2020 Birmingham
77%
In 1850, the second most populous city in the U.S. Baltimore
73%
One of universities in the Ivy League Brown
73%
Waikiki is a famous one of these Beach
70%
City home to the University of Colorado Boulder
65%
City known for its chicken wings Buffalo
63%
State capital named for a Prussian leader Bismarck
62%
City home to the first campus of the University of California Berkeley
60%
National Park in South Dakota known for its deeply eroded landscape Badlands
51%
When completed in 1998, this Las Vegas hotel was the most expensive ever built Bellagio
45%
Northernmost city in the U.S., officially known as Utqiagvik Barrow
28%
City where Walmart has its headquarters Bentonville
26%
Volcano in Washington state which holds the record for the most snow ever recorded in one winter season (95 feet) Mt. {Baker}
20%
1,280 mile long river located entirely within Texas {Brazos} River
16%
No matching quizzes found
Score Distribution
Percent of People with Each Score
Percentile by Number Answered
Your Score History
You have not taken this quiz since the last reset